| 000 | 00716nam a2200229 4500 | ||
|---|---|---|---|
| 003 | OSt | ||
| 005 | 20240622015854.0 | ||
| 006 | a | ||
| 008 | 240622b |||||||| |||| 00| 0 eng d | ||
| 020 | _a9780273681632 | ||
| 040 |
_aDWCL-Main lib. _cOC |
||
| 082 | _aCirc. 658.3 S898 2007 | ||
| 110 | _aMike Millmore | ||
| 245 | _aStrategic human resource management : contemporary issues / | ||
| 260 |
_aHarlow, England : _bPearson Education Limited, _cc2007. |
||
| 300 |
_axxv, _b572 p. : ill. ; _c25 cm. |
||
| 504 | _aIncludes bibliographical references & index. | ||
| 650 | _a1. Strategic planning. | ||
| 650 | _a2. Labor productivity. | ||
| 650 | _a3. Personnel management. | ||
| 942 |
_2ddc _n0 _cBK-CIRC _kCirc. |
||
| 999 |
_c1111 _d1111 |
||